[Event "Warsaw Najdorf Memorial op-A 14th"]
[Site "Warsaw"]
[Date "2016.07.08"]
[Round "1"]
[White "Hracek, Zbynek"]
[Black "De Marchi, Olivier"]
[Result "1/2-1/2"]
[WhiteElo "2605"]
[BlackElo "2286"]
[PlyCount "114"]
[EventDate "2016.07.08"]
[EventType "swiss"]
[EventRounds "9"]
[EventCountry "POL"]
[SourceTitle "CBM 173 Extra"]
[Source "ChessBase"]
[SourceDate "2016.08.29"]
[SourceVersion "1"]
[SourceVersionDate "2016.08.29"]
[SourceQuality "1"]

1. e4 c5 2. Nf3 g6 3. c4 Nc6 4. d4 cxd4 5. Nxd4 Nf6 6. Nc3 d6 7. Be2 Nxd4 8. Qxd4 Bg7 9. Be3 0-0 10. Qd2 a5 11. Rd1 Be6 12. f3 a4 13. Nb5 Qa5 14. Nd4 Nd7 15. Rc1 Rfc8 16. Qxa5 Rxa5 17. Kd2 Nc5 18. Rc3 f5 19. exf5 Bxf5 20. Ra3 Ra6 21. Nxf5 gxf5 22. Rb1 Rcc6 23. Bd3 Nxd3 24. Kxd3 Kf7 25. g4 e6 26. gxf5 exf5 27. b4 axb3 28. Raxb3 b6 29. Rxb6 Rcxb6 30. Rxb6 Ra3+ 31. Rb3 Rxa2 32. Rb7+ Kg8 33. Bf4 Ra3+ 34. Ke2 Ra2+ 35. Ke3 Ra3+ 36. Kf2 Ra4 37. Bxd6 Rxc4 38. Kg3 Rc6 39. Bf4 Rg6+ 40. Kh4 Bh6 41. Be5 Be3 42. Kh3 Rh6+ 43. Kg2 Rg6+ 44. Kf1 f4 45. h4 Re6 46. Rg7+ Kf8 47. Rg5 Kf7 48. h5 Rb6 49. Bc3 h6 50. Rg7+ Kf8 51. Rh7 Rc6 52. Be5 Kg8 53. Rg7+ Kf8 54. Rg4 Rc2 55. Ke1 Rf2 56. Bxf4 Rxf3 57. Bd6+ Kf7 1/2-1/2

[Event "Berlin Lichtenberger op 14th"]
[Site "Berlin"]
[Date "2015.08.22"]
[Round "8"]
[White "Janse, Alexander"]
[Black "De Marchi, Olivier"]
[Result "0-1"]
[WhiteElo "1881"]
[BlackElo "2283"]
[PlyCount "80"]
[EventDate "2015.08.15"]
[EventType "swiss"]
[EventRounds "9"]
[EventCountry "GER"]
[SourceTitle "EXT 2016"]
[Source "ChessBase"]
[SourceDate "2015.10.08"]
[SourceVersion "1"]
[SourceVersionDate "2015.10.08"]
[SourceQuality "1"]

1. e4 c5 2. Nf3 g6 3. d4 cxd4 4. Nxd4 Nc6 5. Nc3 Bg7 6. Be3 Nf6 7. Qd2 0-0 8. Be2 d5 9. Nxc6 bxc6 10. Rd1 Be6 11. exd5 Nxd5 12. Nxd5 Qxd5 13. Qxd5 Bxd5 14. 0-0 Bxb2 15. Rb1 Rfb8 16. c4 Be4 17. Rbd1 Bf6 18. Rd7 Rb2 19. Bg4 Rxa2 20. Rfd1 h5 21. Bf3 Bxf3 22. gxf3 a5 23. Rd8+ Rxd8 24. Rxd8+ Kg7 25. Rc8 Rc2 26. Rxc6 a4 27. Ra6 Rxc4 28. Kg2 Bb2 29. Bb6 a3 30. Bd8 e6 31. Be7 Rc3 32. Ra8 Rc2 33. Ra4 Rc3 34. Ra7 Rd3 35. Bc5 g5 36. Be7 Kg6 37. Ra8 f6 38. Ra7 Bd4 39. Rxa3 Rd2 40. Ra6 Rxf2+ 0-1

[Event "Vienna op 18th"]
[Site "Vienna"]
[Date "2013.08.25"]
[Round "9"]
[White "De Marchi, Olivier"]
[Black "Rombaldoni, Denis"]
[Result "1/2-1/2"]
[WhiteElo "2287"]
[BlackElo "2496"]
[PlyCount "88"]
[EventDate "2013.08.17"]
[EventType "swiss"]
[EventRounds "9"]
[EventCountry "AUT"]
[SourceTitle "CBM 156 Extra"]
[Source "ChessBase"]
[SourceDate "2013.10.22"]
[SourceVersion "1"]
[SourceVersionDate "2013.10.22"]
[SourceQuality "1"]

1. d4 d5 2. c4 e6 3. Nf3 Nf6 4. g3 dxc4 5. Bg2 c5 6. 0-0 Nc6 7. dxc5 Qxd1 8. Rxd1 Bxc5 9. Nbd2 c3 10. bxc3 Be7 11. Nd4 Bd7 12. Nb5 0-0 13. Ne4 Rfd8 14. Nbd6 Nxe4 15. Bxe4 Bxd6 16. Rxd6 Be8 17. Rxd8 Rxd8 18. Be3 b6 19. Bxc6 Bxc6 20. c4 f6 21. a4 g5 22. f3 Rd7 23. Kf2 Kf7 24. a5 b5 25. cxb5 Bxb5 26. a6 Rd6 27. Ra2 Bxa6 28. Bxa7 h5 29. h4 gxh4 30. gxh4 Kg6 31. Be3 e5 32. Rb2 Bc8 33. Rb6 Rd7 34. Bg5 Rf7 35. e4 Kg7 36. Be3 Rc7 37. Rb2 Kf7 38. Ra2 Kg6 39. Rb2 Be6 40. Rd2 Rb7 41. Rd6 Rb2+ 42. Rd2 Rb1 43. Kg2 f5 44. exf5+ Kxf5 1/2-1/2

[Event "Metz op 30th"]
[Site "Metz"]
[Date "2012.04.23"]
[Round "3"]
[White "Savchenko, Stanislav"]
[Black "De Marchi, Olivier"]
[Result "1/2-1/2"]
[WhiteElo "2512"]
[BlackElo "2294"]
[PlyCount "58"]
[EventDate "2012.04.14"]
[EventType "swiss"]
[EventRounds "9"]
[EventCountry "FRA"]
[SourceTitle "EXT 2013"]
[Source "ChessBase"]
[SourceDate "2012.11.22"]
[SourceVersion "1"]
[SourceVersionDate "2012.11.22"]
[SourceQuality "1"]

1. Nf3 g6 2. d4 Nf6 3. c4 Bg7 4. Nc3 0-0 5. e4 d6 6. Be2 e5 7. 0-0 Nc6 8. d5 Ne7 9. b4 Nh5 10. Re1 a5 11. bxa5 Rxa5 12. Nd2 Nf4 13. Bf1 b6 14. a4 Ra8 15. Nb5 Bd7 16. Ra3 Qb8 17. Bb2 Bh6 18. Bc3 Rd8 19. Bb4 Be8 20. Nf3 Bf8 21. g3 Nh5 22. Qb1 c6 23. dxc6 Nxc6 24. Bd2 Rc8 25. Ra2 Na5 26. Rc2 h6 27. Bb4 Nc6 28. Ba3 Nf6 29. Rd2 Rxa4 1/2-1/2

[Event "Olomouc op"]
[Site "Olomouc"]
[Date "2011.08.11"]
[Round "9"]
[White "Vanek, Ladislav"]
[Black "De Marchi, Olivier"]
[Result "0-1"]
[WhiteElo "2209"]
[BlackElo "2267"]
[PlyCount "66"]
[EventDate "2011.08.04"]
[EventType "swiss"]
[EventRounds "9"]
[EventCountry "CZE"]
[SourceTitle "CBM 143 Extra"]
[Source "ChessBase"]
[SourceDate "2011.08.29"]
[SourceVersion "1"]
[SourceVersionDate "2011.08.29"]
[SourceQuality "1"]

1. d4 Nf6 2. c4 g6 3. Nc3 Bg7 4. e4 d6 5. f4 0-0 6. Be2 c5 7. d5 e6 8. Nf3 exd5 9. cxd5 Bg4 10. 0-0 Nbd7 11. h3 Bxf3 12. Bxf3 Re8 13. Re1 Qa5 14. g4 h6 15. h4 h5 16. g5 Ng4 17. e5 dxe5 18. Bxg4 hxg4 19. Qxg4 exf4 20. Rxe8+ Rxe8 21. Qxd7 Re1+ 22. Kf2 Bxc3 23. Bd2 Bxd2 24. Rxe1 Bxe1+ 25. Kf1 Bg3 26. Qe8+ Kg7 27. Qe5+ Kh7 28. Qe7 Qb5+ 29. Kg1 Qxb2 30. Qxf7+ Qg7 31. Qxg7+ Kxg7 32. h5 gxh5 33. d6 Bh4 0-1

[Event "FRA-chT1 1011"]
[Site "France"]
[Date "2010.10.17"]
[Round "1.2"]
[White "Henneteau, Olivier"]
[Black "De Marchi, Olivier"]
[Result "1/2-1/2"]
[WhiteElo "2113"]
[BlackElo "2250"]
[PlyCount "78"]
[EventDate "2010.10.17"]
[EventType "team-tourn"]
[EventRounds "11"]
[EventCountry "FRA"]
[SourceTitle "EXT 2012"]
[Source "ChessBase"]
[SourceDate "2011.11.24"]
[SourceVersion "1"]
[SourceVersionDate "2011.11.24"]
[SourceQuality "1"]

1. d4 Nf6 2. c4 g6 3. Nc3 Bg7 4. e4 d6 5. f3 0-0 6. Bg5 a6 7. Qd2 Nbd7 8. Nge2 c5 9. d5 b5 10. cxb5 Ne5 11. Ng3 axb5 12. Bxb5 Ba6 13. 0-0 Qa5 14. a4 Nc4 15. Qe2 Bxb5 16. Nxb5 Nb6 17. Bd2 Qa6 18. b3 Rfc8 19. a5 c4 20. axb6 Qxb6+ 21. Be3 Qxb5 22. Rxa8 Rxa8 23. bxc4 Qb3 24. c5 Ra2 25. Qe1 dxc5 26. Bxc5 Nd7 27. Bf2 Ne5 28. Qd1 Qc4 29. d6 exd6 30. Qxd6 Nd3 31. Qd8+ Bf8 32. h4 Qc2 33. Nh1 Kg7 34. Bd4+ Kg8 35. Nf2 Nxf2 36. Bxf2 h6 37. Qd1 Qb2 38. Qc1 Qe2 39. Qd1 Qb2 1/2-1/2

[Event "SVK-ch op-A"]
[Site "Banska Stiavnica"]
[Date "2010.07.16"]
[Round "7"]
[White "De Marchi, Olivier"]
[Black "Petran, Peter"]
[Result "1/2-1/2"]
[WhiteElo "2212"]
[BlackElo "2339"]
[PlyCount "93"]
[EventDate "2010.07.10"]
[EventType "swiss"]
[EventRounds "9"]
[EventCountry "SVK"]
[SourceTitle "CBM 137 Extra"]
[Source "ChessBase"]
[SourceDate "2010.09.01"]
[SourceVersion "1"]
[SourceVersionDate "2010.09.01"]
[SourceQuality "1"]

1. d4 g6 2. c4 c5 3. d5 f5 4. h4 Nf6 5. h5 Nxh5 6. Rxh5 gxh5 7. e4 d6 8. Qxh5+ Kd7 9. Qxf5+ Kc7 10. Qf7 Bd7 11. e5 dxe5 12. Nc3 Qe8 13. Qf3 Bg7 14. Bd3 Na6 15. Qg3 Qg8 16. Nf3 Rf8 17. Nxe5 Kd8 18. Bf4 Nb4 19. 0-0-0 Bxe5 20. Bxe5 Qxg3 21. Bxg3 Nxd3+ 22. Rxd3 Bf5 23. Re3 Kd7 24. Ne4 Bxe4 25. Rxe4 Rhg8 26. Bh4 Rf7 27. g4 Rg6 28. Kd2 e6 29. Bg3 exd5 30. cxd5 b5 31. a4 a6 32. axb5 axb5 33. d6 Re6 34. Ke3 Rxe4+ 35. Kxe4 Ke6 36. f4 Kxd6 37. f5+ Kc6 38. g5 c4 39. Be5 b4 40. g6 hxg6 41. fxg6 Rf2 42. g7 Rg2 43. Kf5 c3 44. bxc3 b3 45. c4 Kc5 46. Ke6 Kxc4 47. Kf7 1/2-1/2

[Event "Schwarzach op 23rd"]
[Site "Schwarzach"]
[Date "2008.08.23"]
[Round "8"]
[White "Womacka, Mathias"]
[Black "De Marchi, Olivier"]
[Result "1/2-1/2"]
[WhiteElo "2436"]
[BlackElo "2214"]
[PlyCount "99"]
[EventDate "2008.08.16"]
[EventType "swiss"]
[EventRounds "9"]
[EventCountry "AUT"]
[SourceTitle "CBM 126 Extra"]
[Source "ChessBase"]
[SourceDate "2008.11.05"]
[SourceVersion "1"]
[SourceVersionDate "2008.11.05"]
[SourceQuality "1"]

1. e4 g6 2. d4 Bg7 3. Nc3 d6 4. f4 a6 5. Nf3 b5 6. Bd3 Nd7 7. e5 c5 8. Be4 Rb8 9. 0-0 cxd4 10. Nxd4 dxe5 11. Nc6 Qb6+ 12. Kh1 Ngf6 13. Nxb8 Qxb8 14. Bd3 Bb7 15. Qe2 0-0 16. a4 b4 17. Ne4 Qa8 18. Nxf6+ Bxf6 19. a5 Rd8 20. Bc4 Rc8 21. Bb3 exf4 22. Bxf4 Rc5 23. Ra4 h5 24. Rxb4 h4 25. h3 Ne5 26. Be3 Rxa5 27. Bb6 Rb5 28. Rxb5 axb5 29. Bd4 Bd5 30. Bxe5 Bxe5 31. Qxe5 Bxg2+ 32. Kg1 Bxf1 33. Kxf1 Qf3+ 34. Ke1 Qxh3 35. Qxe7 Qg3+ 36. Ke2 Qg4+ 37. Ke3 Qg3+ 38. Kd4 Qf2+ 39. Qe3 Qf6+ 40. Qe5 Qf2+ 41. Kc3 h3 42. Qxb5 h2 43. Bd5 Qe1+ 44. Kb3 h1Q 45. Bxh1 Qxh1 46. c4 Qd1+ 47. Ka2 Kg7 48. Qe5+ f6 49. Qe7+ Kh6 50. c5 1/2-1/2

[Event "Schwarzach op 23rd"]
[Site "Schwarzach"]
[Date "2008.08.20"]
[Round "5"]
[White "De Marchi, Olivier"]
[Black "Tikkanen, Hans"]
[Result "1-0"]
[WhiteElo "2214"]
[BlackElo "2417"]
[PlyCount "69"]
[EventDate "2008.08.16"]
[EventType "swiss"]
[EventRounds "9"]
[EventCountry "AUT"]
[SourceTitle "CBM 126 Extra"]
[Source "ChessBase"]
[SourceDate "2008.11.05"]
[SourceVersion "1"]
[SourceVersionDate "2008.11.05"]
[SourceQuality "1"]

1. d4 d5 2. c4 e6 3. g3 dxc4 4. Bg2 c5 5. Nf3 Nc6 6. 0-0 Nxd4 7. Ne5 Bd6 8. Nxc4 Bc7 9. e3 Nf5 10. Qa4+ Bd7 11. Qa3 b6 12. Rd1 Nf6 13. Nc3 0-0 14. b4 Qe7 15. bxc5 b5 16. Bxa8 Rxa8 17. Nd6 Rb8 18. Qxa7 Bc6 19. Qa6 Bf3 20. Rd2 b4 21. Ne2 Ra8 22. Qd3 Bxd6 23. cxd6 Qb7 24. Nd4 Nxd4 25. Qxd4 e5 26. Qxe5 Qd7 27. Qf4 Bb7 28. Bb2 Ne4 29. Rd4 g5 30. Qe5 Re8 31. Qa5 g4 32. Rxe4 Bxe4 33. Qg5+ Bg6 34. Qf6 Qe6 35. Qg7# 1-0

[Event "Schwarzach op 23rd"]
[Site "Schwarzach"]
[Date "2008.08.18"]
[Round "3"]
[White "Woolley, Jos"]
[Black "De Marchi, Olivier"]
[Result "0-1"]
[WhiteElo "2094"]
[BlackElo "2214"]
[PlyCount "78"]
[EventDate "2008.08.16"]
[EventType "swiss"]
[EventRounds "9"]
[EventCountry "AUT"]
[SourceTitle "CBM 126 Extra"]
[Source "ChessBase"]
[SourceDate "2008.11.05"]
[SourceVersion "1"]
[SourceVersionDate "2008.11.05"]
[SourceQuality "1"]

1. e4 g6 2. d4 Bg7 3. c4 d6 4. Nc3 e5 5. Nf3 Nc6 6. Be3 Bg4 7. d5 Nd4 8. Be2 Bxf3 9. Bxf3 Ne7 10. Qa4+ c6 11. Be2 0-0 12. 0-0 f5 13. f3 Kh8 14. dxc6 bxc6 15. Bd3 f4 16. Bf2 g5 17. c5 h5 18. Qa3 g4 19. cxd6 Ng6 20. Qc5 Ne6 21. Qxc6 g3 22. d7 gxf2+ 23. Rxf2 Qb6 24. Qxb6 axb6 25. Nd5 Rfd8 26. Rc2 Bf8 27. Rc6 Bc5+ 28. Kf1 Ngf8 29. Nxb6 Bxb6 30. Rxb6 Rab8 31. Rxb8 Rxb8 32. Bc4 Nd4 33. a4 Nxd7 34. a5 Nc2 35. Rc1 Rxb2 36. a6 Ne3+ 37. Kg1 Nb6 38. a7 Rxg2+ 39. Kh1 Rg7 0-1

[Event "Creon op 11th"]
[Site "Creon"]
[Date "2006.08.06"]
[Round "9"]
[White "Rodmacq, Clement"]
[Black "De Marchi, Olivier"]
[Result "0-1"]
[WhiteElo "2035"]
[BlackElo "2256"]
[PlyCount "58"]
[EventDate "2006.07.31"]
[EventType "swiss"]
[EventRounds "9"]
[EventCountry "FRA"]
[SourceTitle "CBM 113 Extra"]
[Source "ChessBase"]
[SourceDate "2006.09.14"]
[SourceVersion "1"]
[SourceVersionDate "2006.09.14"]
[SourceQuality "1"]

1. b3 Nf6 2. Bb2 g6 3. e3 Bg7 4. Be2 0-0 5. g4 c5 6. h4 Nc6 7. Bf3 d5 8. g5 Ne8 9. Nc3 Nc7 10. Qe2 d4 11. Na4 Nb4 12. d3 Qd6 13. exd4 cxd4 14. Qd2 Nb5 15. Ne2 Bd7 16. Bxb7 Rab8 17. Be4 Rbc8 18. c4 dxc3 19. Naxc3 f5 20. gxf6 Bxf6 21. a3 Na6 22. Bb7 Nc5 23. Bxc8 Nxd3+ 24. Kf1 Bxc3 25. Bxc3 Rxf2+ 26. Kg1 Nxc3 27. Qxc3 Rxe2 28. Qc4+ Kg7 29. Qc3+ Kh6 0-1

[Event "Creon op 11th"]
[Site "Creon"]
[Date "2006.08.05"]
[Round "8"]
[White "De Marchi, Olivier"]
[Black "Sanduleac, Vasile"]
[Result "0-1"]
[WhiteElo "2256"]
[BlackElo "2519"]
[PlyCount "82"]
[EventDate "2006.07.31"]
[EventType "swiss"]
[EventRounds "9"]
[EventCountry "FRA"]
[SourceTitle "CBM 113 Extra"]
[Source "ChessBase"]
[SourceDate "2006.09.14"]
[SourceVersion "1"]
[SourceVersionDate "2006.09.14"]
[SourceQuality "1"]

1. d4 d6 2. c4 e5 3. Nf3 e4 4. Ng5 f5 5. g3 c6 6. d5 Be7 7. Nh3 Nf6 8. Nc3 0-0 9. Bg2 Nbd7 10. 0-0 Ne5 11. b3 a6 12. f3 Qa5 13. Qd2 Qc5+ 14. Kh1 cxd5 15. Nxd5 Nxd5 16. Qxd5+ Qxd5 17. cxd5 exf3 18. exf3 Bd7 19. Ba3 Rfc8 20. f4 Nd3 21. Rf3 Nc5 22. Re1 Bf6 23. Ng5 a5 24. Ne6 b5 25. Nxc5 dxc5 26. Rf2 Bd4 27. Rc2 a4 28. Bc1 Re8 29. Rd1 axb3 30. axb3 b4 31. Bf1 Ra1 32. Kg2 h6 33. h4 Kh7 34. Bd3 Bc8 35. Bc4 Bb7 36. Rdd2 g5 37. hxg5 hxg5 38. fxg5 Kg6 39. Bb2 Rg1+ 40. Kf3 Re3+ 41. Kf4 Rgxg3 0-1

[Event "Syre Memorial op 29th"]
[Site "Issy les Moulineaux"]
[Date "2006.05.28"]
[Round "6"]
[White "Meusel, Rolf"]
[Black "De Marchi, Olivier"]
[Result "0-1"]
[WhiteElo "1951"]
[BlackElo "2268"]
[PlyCount "78"]
[EventDate "2006.05.25"]
[EventType "swiss"]
[EventRounds "6"]
[EventCountry "FRA"]
[SourceTitle "EXT 2007"]
[Source "ChessBase"]
[SourceDate "2006.11.23"]
[SourceVersion "1"]
[SourceVersionDate "2006.11.23"]
[SourceQuality "1"]

1. d4 g6 2. e4 d6 3. Nc3 Nf6 4. Bc4 Bg7 5. f3 0-0 6. Be3 c6 7. a3 b5 8. Bb3 a6 9. Nge2 Nbd7 10. Qd2 Qc7 11. 0-0 Bb7 12. a4 b4 13. Nd1 c5 14. Ba2 Qa5 15. c3 bxc3 16. bxc3 Rfc8 17. Nb2 cxd4 18. Bxd4 Qc7 19. Rfb1 a5 20. Bc4 Ba6 21. Bxa6 Rxa6 22. Nd3 Raa8 23. Rb5 Rab8 24. Rab1 Qc4 25. Qd1 Ne8 26. Rxb8 Rxb8 27. Rxb8 Nxb8 28. Qb1 Nc6 29. Qb5 Bxd4+ 30. Nxd4 Qxb5 31. axb5 Nxd4 32. cxd4 Nc7 33. b6 Na6 34. b7 Kf8 35. e5 Ke8 36. Nb2 dxe5 37. dxe5 Kd8 38. Kf2 Kc7 39. Ke3 Kxb7 0-1

[Event "Avoine op 18th"]
[Site "Avoine"]
[Date "2003.07.19"]
[Round "1"]
[White "De Marchi, Olivier"]
[Black "Jolly, Jean Francois"]
[Result "1-0"]
[WhiteElo "2248"]
[BlackElo "2090"]
[PlyCount "37"]
[EventDate "2003.07.19"]
[EventType "swiss"]
[EventRounds "9"]
[EventCountry "FRA"]
[SourceTitle "CBM 095 Extra"]
[Source "ChessBase"]
[SourceDate "2003.09.04"]
[SourceVersion "1"]
[SourceVersionDate "2003.09.04"]
[SourceQuality "1"]

1. d4 d5 2. c4 c6 3. Nc3 Nf6 4. e3 e6 5. Nf3 Nbd7 6. Bd3 dxc4 7. Bxc4 b5 8. Bd3 a6 9. e4 c5 10. d5 Bb7 11. 0-0 Qb6 12. Bf4 0-0-0 13. Ng5 Re8 14. Nxf7 Rg8 15. a4 c4 16. axb5 cxd3 17. Na4 Qxb5 18. Rc1+ Nc5 19. Nxc5 1-0